000
00324nam a22001097a 4500
082
_a
910
100
_a
गुप्ता,संजय
_9
78630
245
_a
मध्य प्रदेश का भूगोल इकाई - 4
260
_a
Gwalior
_b
Nirmal IAS
_c
2024
650
_a
Geography
942
_c
C. BOOKS
999
_c
66873
_d
66873